Verbs Aimsir Chaite - Statistics

General Stats
  • This quiz has been taken 311 times
  • The average score is 36 of 80
Answer Stats
Verb English Aimsir Chaite % Correct
Ábair To say Dúirt
87%
To be Bhí
82%
Bris To break Bhris
80%
Ceannaigh To buy Cheannaigh
79%
Brostaigh To hurry Bhrostaigh
77%
Buail To hit Bhuail
77%
Caill To lose/miss Chaill
75%
Ceap To think Cheap
75%
Caith To spend/wear/throw Chaith
72%
Aimsigh To locate D'aimsigh
70%
Ceistigh To question Cheistigh
69%
Cloigh To defeat Chloigh
69%
Ardaigh To raise D'ardaigh
69%
Cabhraigh To help Chabhraigh
68%
Athraigh To change D'athraigh
68%
Codail To sleep Chodail
65%
Ceiliúr To celebrate Cheiliúr
64%
Cuir To put Chuir
63%
Beir To catch Rug
63%
Coinnigh To keep Choinnigh
62%
Críochnaigh To finish Chríochnaigh
62%
Clois To hear Chuala
62%
Dún To close Dhún
62%
Cosain To defend Chosain
61%
Creid To believe Chreid
61%
Díol To sell Dhíol
60%
Éist To listen D'éist
56%
Dúisigh To wake up Dhúisigh
56%
Déan To do Rinne
56%
Cruinnigh To gather Chruinnigh
55%
Deisigh To repair Dheisigh
55%
Éirigh To get up D'éirigh
54%
Cuimhnigh To remember Chuimhnigh
53%
Fág To leave D'fhág
52%
Glan To clean Ghlan
51%
Ith To eat D'ith
50%
Féach To watch D'fhéach
46%
Feic To see Chonaic
45%
Fán To wait/stay D'fhán
45%
Fill To return D'fhill
45%
Imir To play D'imir
45%
Goid To steal Ghoid
45%
Imigh To go away D'imigh
44%
Íoc To pay D'íoc
44%
Gortaigh To hurt Ghortaigh
44%
Fás To grow D'fhás
41%
Inis To tell D'inis
40%
Foghlaim To learn D'fhoghlaim
39%
Faigh To get Fuair
39%
Leamh To jump Leamh
39%
Feoigh To wither D'fheoigh
38%
Léigh To read Léigh
38%
Freagair To answer D'fhreagair
37%
Labhair To speak Labhair
37%
Lig To let Lig
37%
Luigh To lie Luigh
35%
Marcáil To mark Mharcáíl
32%
Mínigh To explain Mhínigh
30%
Mol To praise/advice Mhol
29%
Ól To drink D'ól
28%
Mothaigh To feel Mhothaigh
28%
Nigh To wash Nigh
26%
Pléigh To discuss Phlé
23%
Oscail To open D'oscail
22%
Oibrigh To work D'oibrigh
21%
Rith To run Rith
21%
Scuab To sweep Scuab
21%
Tóg To take Thóg
21%
Scríobh To write Scríobh
20%
Siúil To walk Siúil
20%
Tabhair To give Thug
19%
Tuig To understand Thuig
17%
Sábháil To save Shábháil
16%
Tarraing To draw Tharraing
16%
Téigh To go Chuaigh
15%
Tar To come Tháinig
15%
Úsáid To use D'úsáid
14%
Sáigh To stab Sháigh
14%
Tosach To start Thosaigh
7%
Taispeáin To show Thaspeáin
1%
No matching quizzes found
Score Distribution
Percent of People with Each Score
Percentile by Number Answered
Your Score History
You have not taken this quiz